000 00963nam a22002417a 4500
005 20180201143446.0
010 _a1718EN-30 ENG-121730
020 _a9789381162057
_c325.00
035 _aEN-105262
035 _aB-686968-974
037 _bAne Books
_adpl
037 _bDBAD/PUB
082 _a541
100 _aDatta, S.C.
245 _aUndergraduate chemistry volume-II :
_cby S.C. Datta
_b(semester-II course, including practicals) /
260 _aNew Delhi
_bAne Books
_c2015
270 _a4821, Parwana Bhawan, Ist Floor, 24 Ansari Road, Daryaganj,
_bNew Delhi
_e110002
300 _axxi,380p.
_c23cm(pbk)
490 _aAne's student edition
500 _aIncludes index
942 _2ddc
_cEN
_mDAT
_h541
999 _c146225
_d146225